Mastering Game Theory: A Comprehensive Introduction to Strategic Decision Making

Saved in:
Bibliographic Details
Main Author: Saglam
Format: Book
Published: Springer
Tags: Add Tag
No Tags, Be the first to tag this record!

MARC

LEADER 00000nam a2200000Ia 4500
005 20260513122052.0
020 |a 9783031820939 
100 |a Saglam 
365 |c € 
365 |b 28.00 
942 |c BK 
245 |a Mastering Game Theory: A Comprehensive Introduction to Strategic Decision Making 
260 |b Springer 
999 |c 67  |d 67 
952 |0 0  |1 0  |4 0  |7 0  |a UNSW  |b UNSW  |d 2026-05-06  |g 79.99  |i 16685  |l 0  |p 000076  |r 2026-05-13 12:20:52  |v 79.99  |w 2026-05-13  |y BK